000 00497nam a2200133 4500
999 _c9129
_d9129
008 180411b ||||| |||| 00| 0 eng d
082 _aDPer 050 Dec 2015-Mar 2016 T48 v186-187
100 _941428
_aFeeney, Nolan.
245 _aJennifer Lopez's new show turns Las Vegas into destination Diva/
_cNolan Feeney.
260 _aNew York:
_bTime Inc.,
_c©Dec 2015-Mar 2016.
300 _av187 n6-7, pages 94-95:
_billustrations;
_c27 cm.
650 0 _927300
_aSinging
_xPerformance.
942 _2ddc
_cPER